00378nam a2200121Ia 4500008004100000245011500041260001700156260000900173300000900182650002300191650001200214856003000226170516s9999 xx 000 0 und d aMultivalent Targeting Based Delivery of Therapeutic Peptide using AP1-ELP Carrier for Effective Cancer Therapy bTheranostics c2016 a6:12 xMedical Technology xMedtech uhttp://www.thno.org/v6i12